Straßen- und Stadtbahnen in Deutschland - Statistiken

Allgemein
  • Dieses Quiz wurde 314 mal gespielt
    271 seit der letzten Aktualisierung
  • Das Durchschnittsergebnis liegt bei 39 aus 55
Antwortstatistiken
Antwort % Korrekt
Berlin
98%
München
96%
Köln
94%
Frankfurt am Main
93%
Hannover
93%
Stuttgart
93%
Dresden
92%
Düsseldorf
92%
Leipzig
91%
Nürnberg
91%
Bochum/Gelsenkirchen
89%
Bremen
89%
Dortmund
89%
Essen
89%
Augsburg
88%
Mannheim/Ludwigshafen
87%
Rostock
87%
Erfurt
86%
Karlsruhe
86%
Bonn
85%
Duisburg
84%
Freiburg im Breisgau
84%
Halle (Saale)
82%
Kassel
81%
Potsdam
81%
Jena
80%
Mainz
80%
Chemnitz
79%
Magdeburg
79%
Braunschweig
78%
Ulm
75%
Bielefeld
74%
Schwerin
73%
Cottbus
72%
Saarbahn
72%
Gera
71%
Heidelberg
71%
Würzburg
71%
Zwickau
67%
Darmstadt
66%
Mülheim/Oberhausen
64%
Brandenburg an der Havel
58%
Görlitz
54%
Dessau
53%
Frankfurt (Oder)
49%
Krefeld
48%
Gotha
47%
Plauen
45%
Nordhausen
30%
Halberstadt
29%
Woltersdorf
27%
Naumburg (Saale)
25%
Schöneiche bei Berlin
22%
Strausberg
22%
Kirnitzschtalbahn
21%
Keine übereinstimmenden Quizze gefunden
Verteilung der Resultate
Anzahl Personen mit jedem Resultat
Perzentil nach korrekt beantworteten Fragen
Ihre Resultats-Entwicklung
Sie haben dieses Quiz seit der letzten Aktualisierung nicht gespielt